[Event "23.Schlosspark-Open"]
[Site "Wiesbaden"]
[Date "2011.08.27"]
[Round "4.65"]
[White "Sonnberger, Bernd"]
[Black "Beck, Andreas"]
[Result "0-1"]
[WhiteElo "1174"]
[BlackElo "1700"]
[PlyCount "78"]
[EventDate "2011.??.??"]
[WhiteTeam "SC Dietmannsried"]
[BlackTeam "TSVG1900 Malschenberg"]

1. Nf3 d5 2. g3 Bg4 3. Bg2 Nd7 4. O-O Ngf6 5. d3 c6 6. Nbd2 e5 7. e4 Bc5 8. Qe1
Qe7 9. a3 O-O 10. Nb3 Bb6 11. exd5 cxd5 12. Bd2 Rfe8 13. Ba5 Rac8 14. Rc1 Qe6
15. Bxb6 Nxb6 16. Na5 Rc7 17. Qe3 d4 18. Qd2 Qc8 19. Rfe1 Nfd7 20. Ng5 f6 21.
Ne4 Re6 22. f3 Bf5 23. Re2 Nc5 24. Nxc5 Rxc5 25. b4 Rc3 26. Nb3 Nd5 27. f4 Ne3
28. fxe5 fxe5 29. Nc5 Re7 30. Ra1 b6 31. Na4 Rxc2 32. Qxc2 Nxc2 33. Rc1 Bxd3
34. Rd2 Bg6 35. Bd5+ Kf8 36. Bb3 Rc7 37. Rf2+ Ke7 38. Re2 Ne3 39. Rce1 Rc1 0-1

[Event "23.Schlosspark-Open"]
[Site "Wiesbaden"]
[Date "2011.08.27"]
[Round "4.66"]
[White "Schünemann, Robert"]
[Black "Wöhl, Sebastian"]
[Result "1-0"]
[WhiteElo "1649"]
[BlackElo "1091"]
[PlyCount "51"]
[EventDate "2011.??.??"]
[WhiteTeam "SV Saarbrücken 1970"]
[BlackTeam "SC Groß-Zimmern"]

1. e4 e5 2. Nf3 Nc6 3. Bc4 Bc5 4. c3 Nf6 5. d4 exd4 6. cxd4 Bb4+ 7. Nc3 Nxe4 8.
O-O Nxc3 9. Re1+ Ne7 10. Qb3 Ncd5 11. Bxd5 Bxe1 12. Bxf7+ Kf8 13. Bh5 Bxf2+ 14.
Kxf2 g6 15. Bh6+ Ke8 16. Ng5 d5 17. Qf3 gxh5 18. Qf7+ Kd7 19. Re1 b6 20. Bg7
Rg8 21. Qe6+ Ke8 22. Qxg8+ Kd7 23. Qf7 Ba6 24. Bf6 Qg8 25. Rxe7+ Kd6 26. Re6#
1-0

[Event "23.Schlosspark-Open"]
[Site "Wiesbaden"]
[Date "2011.08.27"]
[Round "4.67"]
[White "Jordake, Michael"]
[Black "Lorenz, Hermann"]
[Result "1/2-1/2"]
[WhiteElo "1732"]
[BlackElo "1580"]
[PlyCount "100"]
[EventDate "2011.??.??"]
[WhiteTeam "SC Bergen-Enkheim 1922"]
[BlackTeam "Sfr.Mainz 1928"]

1. e4 d6 2. Nc3 Nf6 3. d4 g6 4. Bg5 Bg7 5. e5 dxe5 6. dxe5 Qxd1+ 7. Rxd1 Ng4 8.
Nd5 Bxe5 9. Nxe7 Be6 10. Nd5 Nd7 11. Nf3 Bd6 12. h3 Nge5 13. Nf6+ Nxf6 14. Bxf6
Nxf3+ 15. gxf3 O-O 16. Bd3 Rfe8 17. Kf1 Bd5 18. Kg2 Re6 19. Bh4 Rae8 20. Bb5
Bc6 21. Bxc6 bxc6 22. Bg5 Re2 23. Rc1 Bc5 24. Rhf1 Kg7 25. a3 h6 26. Bf4 Bd6
27. Bxd6 cxd6 28. Rfd1 d5 29. Kf1 Kf6 30. Rd4 Kf5 31. Ra4 R8e7 32. Ra6 R2e6 33.
Rd1 h5 34. Rd4 Rc7 35. c4 Ke5 36. Rh4 d4 37. Re4+ Kf5 38. Rxd4 g5 39. b4 Rce7
40. Ra5+ Kg6 41. Rc5 Re1+ 42. Kg2 R7e6 43. Ra5 Rc1 44. c5 Ree1 45. f4 Rg1+ 46.
Kf3 g4+ 47. hxg4 hxg4+ 48. Ke2 Rge1+ 49. Kd2 Red1+ 50. Ke3 Re1+ 1/2-1/2

[Event "23.Schlosspark-Open"]
[Site "Wiesbaden"]
[Date "2011.08.27"]
[Round "4.68"]
[White "Hoffmann, Jörn"]
[Black "Happel, Jürgen"]
[Result "1-0"]
[WhiteElo "1686"]
[BlackElo "1534"]
[PlyCount "39"]
[EventDate "2011.??.??"]
[WhiteTeam "SC Taunusstein 1966"]
[BlackTeam "SV 1920 Hofheim"]

1. e4 e5 2. Nc3 Nc6 3. Nf3 d6 4. d4 exd4 5. Nxd4 Bd7 6. Bc4 Be7 7. O-O Bf6 8.
Be3 Nge7 9. f4 O-O 10. Qd2 Na5 11. Bd3 c5 12. Nf3 Bxc3 13. Qxc3 b6 14. Rad1 Bc6
15. Qe1 Qc7 16. e5 Rad8 17. Bxh7+ Kxh7 18. Qh4+ Kg8 19. Ng5 Be4 20. f5 1-0

[Event "23.Schlosspark-Open"]
[Site "Wiesbaden"]
[Date "2011.08.27"]
[Round "4.69"]
[White "Diener, Carolin Valeria"]
[Black "Sommer, Konstantin"]
[Result "1-0"]
[WhiteElo "1624"]
[BlackElo "1494"]
[PlyCount "41"]
[EventDate "2011.??.??"]
[WhiteTeam "Sfr.1891 Friedberg"]
[BlackTeam "SF 1876 Göppingen"]

1. e4 c6 2. d4 d5 3. f3 Nd7 4. Nc3 e6 5. Be3 Nb6 6. Bd3 Nf6 7. e5 Nfd7 8. f4 c5
9. Nf3 f5 10. Ng5 Nb8 11. dxc5 h6 12. Qh5+ Kd7 13. cxb6 Bb4 14. Qf7+ Qe7 15.
Qxe7+ Kxe7 16. Nf3 Nc6 17. bxa7 Rd8 18. Bd2 Rxa7 19. O-O g5 20. fxg5 hxg5 21.
Bxg5+ 1-0

[Event "23.Schlosspark-Open"]
[Site "Wiesbaden"]
[Date "2011.08.27"]
[Round "4.71"]
[White "Neuhoff, Ulrich"]
[Black "Rosmanitz, Anna"]
[Result "1-0"]
[WhiteElo "1582"]
[BlackElo "1280"]
[PlyCount "71"]
[EventDate "2011.??.??"]
[WhiteTeam "SK Bad Homburg 1927"]
[BlackTeam "SC 1979 Hattersheim"]

1. c4 e5 2. g3 Nc6 3. Bg2 Bc5 4. e3 d6 5. Ne2 Nf6 6. O-O O-O 7. h3 Be6 8. b3
Qd7 9. Kh2 d5 10. d4 exd4 11. exd4 Be7 12. c5 b6 13. cxb6 axb6 14. Be3 Ne4 15.
Nbc3 Bf5 16. Rc1 h5 17. Nxe4 dxe4 18. Nc3 Nb4 19. a4 g6 20. Nxe4 Ra5 21. Bf4
Nd5 22. Bd2 Ra7 23. Nc3 Nxc3 24. Bxc3 Bd6 25. Re1 h4 26. Qd2 Kg7 27. Qg5 hxg3+
28. fxg3 f6 29. d5 Qd8 30. Rf1 Bd3 31. Rf3 Be4 32. Rxf6 Rxf6 33. Rf1 Be7 34.
Bxe4 Qd6 35. Qxg6+ Kf8 36. Bxf6 1-0

[Event "23.Schlosspark-Open"]
[Site "Wiesbaden"]
[Date "2011.08.27"]
[Round "4.72"]
[White "Bangert, Martin"]
[Black "Kümmel, Werner"]
[Result "0-1"]
[WhiteElo "858"]
[BlackElo "1310"]
[PlyCount "68"]
[EventDate "2011.??.??"]
[WhiteTeam "SC Eschbach/Usi- Land"]
[BlackTeam "SC Bad Soden"]

1. c4 Nf6 2. Nc3 g6 3. Nf3 Bg7 4. d3 O-O 5. g3 d6 6. Bg2 e5 7. e4 Nc6 8. O-O
Ne7 9. Nd2 Ne8 10. Ndb1 f5 11. exf5 Nxf5 12. Ne4 c6 13. Nbc3 Ne7 14. b3 d5 15.
Ng5 h6 16. Nf3 e4 17. dxe4 Bxc3 18. Rb1 Bg7 19. exd5 cxd5 20. cxd5 Bf5 21. Rb2
Bxb2 22. Bxb2 Qxd5 23. Nd4 Qd7 24. Nxf5 Qxf5 25. Bd4 Nc6 26. Be3 Kh7 27. g4 Qf6
28. Qd7+ Rf7 29. Qd2 Rd8 30. Qc2 Rfd7 31. f4 Qe6 32. Re1 Qxg4 33. Qc5 Rd1 34.
Rxd1 Rxd1+ 0-1

[Event "23.Schlosspark-Open"]
[Site "Wiesbaden"]
[Date "2011.08.27"]
[Round "4.73"]
[White "Wöhl, Torsten"]
[Black "Fey, Karl-Heinz"]
[Result "1-0"]
[WhiteElo "1271"]
[BlackElo "827"]
[PlyCount "47"]
[EventDate "2011.??.??"]
[WhiteTeam "SC Groß-Zimmern"]
[BlackTeam "SC 1926 Haßloch"]

1. e4 c5 2. Nf3 Nc6 3. Bc4 h6 4. c3 Nf6 5. d3 e5 6. Nh4 d6 7. Nf5 Bxf5 8. exf5
Be7 9. Nd2 d5 10. Bb3 b5 11. c4 b4 12. Qf3 Nd4 13. Qg3 O-O 14. Nf3 Bd6 15. Bxh6
Nxf5 16. Qh3 Nxh6 17. O-O d4 18. Ba4 Qc7 19. Rfe1 Qb7 20. Ng5 Nd7 21. Bxd7 f6
22. Be6+ Kh8 23. Bd5 fxg5 24. Bxb7 1-0

[Event "23.Schlosspark-Open"]
[Site "Wiesbaden"]
[Date "2011.08.27"]
[Round "4.75"]
[White "Lochmann, Tobias"]
[Black "Kornilov, Alexander"]
[Result "0-1"]
[WhiteElo "730"]
[BlackElo "1192"]
[PlyCount "52"]
[EventDate "2011.??.??"]
[WhiteTeam "SV 1946 Groß-Gerau"]
[BlackTeam "SAbt TuS Makkabi Ffm"]

1. e4 e5 2. Nc3 Nf6 3. Bc4 Nc6 4. Nf3 Bc5 5. O-O O-O 6. d3 d6 7. h3 a6 8. Nd5
Nxd5 9. Bxd5 Nb4 10. Bb3 Be6 11. Ng5 Bxb3 12. axb3 Qe8 13. Qh5 h6 14. Qh4 hxg5
15. Bxg5 f6 16. Bc1 g5 17. Qg3 Qg6 18. h4 g4 19. c3 Nc6 20. d4 exd4 21. b4 Ba7
22. cxd4 Bxd4 23. Be3 Bxe3 24. Qxe3 Rfe8 25. Rfe1 Re7 26. Ra3 Rae8 0-1

[Event "23.Schlosspark-Open"]
[Site "Wiesbaden"]
[Date "2011.08.27"]
[Round "4.77"]
[White "Wöhl, Jessica"]
[Black "Peschk, Kathrin"]
[Result "1/2-1/2"]
[WhiteElo "906"]
[BlackElo "926"]
[PlyCount "89"]
[EventDate "2011.??.??"]
[WhiteTeam "SC Groß-Zimmern"]
[BlackTeam "SV 1946 Groß-Gerau"]

1. e4 e5 2. Nf3 Nc6 3. Bb5 Bc5 4. Nc3 Nf6 5. d3 d6 6. Bg5 h6 7. Bh4 Be6 8. Nd5
Bxd5 9. exd5 a6 10. Bxc6+ bxc6 11. dxc6 O-O 12. O-O Rb8 13. Rb1 Rb6 14. d4 exd4
15. Nxd4 Bxd4 16. Qxd4 Rxc6 17. Bxf6 Qxf6 18. Qxf6 gxf6 19. c3 Re8 20. Rfe1
Rxe1+ 21. Rxe1 Kf8 22. f3 Rb6 23. b4 c5 24. bxc5 dxc5 25. Kf2 Rb2+ 26. Re2
Rxe2+ 27. Kxe2 Ke7 28. Kd3 Kd6 29. Kc4 Kc6 30. a4 Kd6 31. f4 Kc6 32. g4 Kd6 33.
h4 Kc6 34. g5 fxg5 35. fxg5 h5 36. Kd3 Kd5 37. c4+ Ke5 38. Ke3 Kf5 39. Kf3 f6
40. gxf6 Kxf6 41. Kf4 a5 42. Ke4 Ke6 43. Kf4 Kf6 44. Ke4 Ke6 45. Kf4 1/2-1/2